000 00711nam a2200217 i 4500
001 115410
003 ES-MaACL
005 20250825062554.0
007 t|
008 070308s1928 sp ||||1| spa d
080 _a821.134.2(85)-223"19"
100 1 _aSassone, Felipe.
_9103913
245 1 0 _aSi, señor, se casa la niña!
_b: farsa moderna en tres actos /
_cFelipe Sassone.
260 _aMadrid :
_bPrensa Moderna,
_c1928.
300 _a56 p. ;
_c17 cm.
490 1 _aEl Teatro moderno ;
_v168
500 _aEstrenada en el Teatro Eslava, de Madrid, el día 9 de octubre de 1928.
830 0 3 _aEl teatro moderno (Prensa Moderna)
_v168
_9182365
852 _aES-MaACL
_jC-13060
999 _c115410
_d115410